| 000 | 01368cam a2200361 i 4500 | ||
|---|---|---|---|
| 001 | 22072181 | ||
| 003 | AUA.1 | ||
| 005 | 20251123082348.0 | ||
| 008 | 210608s2022 miua 001 0 eng | ||
| 010 | _a 2021028091 | ||
| 020 |
_a9781540963024 _q(paperback) |
||
| 020 |
_a9781540965271 _q(casebound) |
||
| 020 |
_z9781493434701 _q(ebook) |
||
| 020 |
_z9781493434718 _q(pdf) |
||
| 035 | _a22072181 | ||
| 040 |
_aDLC _beng _erda _cDLC _dDLC |
||
| 042 | _apcc | ||
| 050 | 0 | 0 |
_aBV4012 _b.C28 2022 |
| 082 | 0 | 0 |
_a253.5/2 _223 |
| 100 | 1 |
_aCallaway, Kutter, _d1979- _eauthor. |
|
| 245 | 1 | 0 |
_aTheology for psychology and counseling : _ban invitation to holistic Christian practice / _cKutter Callaway and William B. Whitney. |
| 260 |
_aGrand Rapids, MI : _bBaker Academic; _cc2022. |
||
| 300 |
_avii, 213 pages : _billustrations ; _c22 cm |
||
| 500 | _aIncludes index. | ||
| 520 | _a"Explores the significance of theology and the Christian faith for the practice of psychology"-- | ||
| 650 | 0 | _aPastoral theology. | |
| 650 | 0 | _aPastoral psychology. | |
| 650 | 0 | _aPastoral counseling. | |
| 700 | 1 |
_aWhitney, William B., _eauthor. |
|
| 906 |
_a7 _bcbc _corignew _d1 _eecip _f20 _gy-gencatlg |
||
| 942 |
_2lcc _cBOOK _hBV 4012 _i.C28 2022 |
||
| 999 |
_c25295 _d25295 |
||